| 000 | 00617nam a2200229Ia 4500 | ||
|---|---|---|---|
| 003 | OSt | ||
| 005 | 20250509114041.0 | ||
| 008 | 241129s9999||||xx |||||||||||||| ||und|| | ||
| 020 | _a9789393214164 | ||
| 040 |
_aSDCL _beng _cSDCL |
||
| 041 |
_asan _2san |
||
| 084 |
_aO15,2D70,1 R1;1 _qSDCL |
||
| 100 |
_aSwaroop, Anand _9729587 |
||
| 245 | 0 | _aUttaram Charitam | |
| 246 | _aउत्तररामचरितं | ||
| 260 |
_aDelhi : _bMotilal Banarsidas India, _c2021. |
||
| 300 | _axlii,560p. | ||
| 365 |
_aINR _b545 |
||
| 650 |
_aSanskrit _9783965 |
||
| 942 |
_cTEXL _2CC _n0 |
||
| 999 |
_c1234167 _d1234167 |
||